000 00752cam a22002653a 4500
001 3336
003 PGUSA
005 20140828083030.0
008 060406s2006||||xxu|||||s|||||000 1 eng d
040 _aPGUSA
_beng
042 _adc
050 4 _aPQ
100 1 _aGaboriau, Emile,
_d1832-1873
245 1 0 _aWithin an Inch of His Life
_h[electronic resource] /
_cEmile Gaboriau
260 _bProject Gutenberg,
_c2006
506 _aPublic domain in the USA.
516 _aElectronic text
653 _aArsonists -- Fiction
653 _aParis (France) -- Fiction
653 _aDetective and mystery stories
653 _aFires -- Fiction
830 0 _aProject Gutenberg
_v3336
856 4 0 _uhttp://www.gutenberg.org/ebooks/3336
942 _cEB
999 _c232665
_d232665